000 01128nam a2200277Ia 4500
003 OSt
005 20221005104734.0
006 a|||||r|||| 00| 0
007 ta
008 221004b |||||||| |||| 00| 0 hin d
020 _c220
024 _a8809
037 _b20480, 08/01/2014, Hindi Madhyam Karyanvyan Nideshalye
_cTextual
040 _aCRL
_cCRL
_bhin
041 _2hin
_ahin
082 _aM3, 152N4
100 _aवर्मा, प्रमिला
245 0 _aप्रायोगिक गृहविज्ञान
246 _aPrāyogik gṛuhavijnyāna
260 _aदिल्ली
_bविश्वविद्यालय हिन्दी माध्यम कार्यान्वय निदेशालय भारत
_c1994
300 _a664पृ0
_ccm.
650 _aललित कला
_9156314
700 _a पाण्डेय, कान्ति
942 _hM3, 152N4
_cTEXL
_2cc
999 _c1013635
_d1013635